[Event "IECG CN.2001.0.00267"]
[Site "IECG email"]
[Date "2001.10.28"]
[Round "?"]
[White "Sell, Tim"]
[Black "Soule, Larry P"]
[Result "0-1"]
[WhiteElo "800"]
[BlackElo "900"]
[PlyCount "72"]
[EventDate "2001.10.28"]
[EventType "tourn (corr)"]
[EventRounds "6"]
[SourceTitle "Corr 2008"]
[Source "ChessBase"]
[SourceDate "2008.06.24"]
[SourceVersion "1"]
[SourceVersionDate "2008.06.24"]
[SourceQuality "1"]

1. e4 c5 2. Nf3 d6 3. d4 cxd4 4. Nxd4 Nf6 5. Nc3 g6 6. f3 Bg7 7. Be3 Nc6 8. Qd2 0-0 9. 0-0-0 Nxd4 10. Bxd4 Be6 11. g4 Qa5 12. g5 Nh5 13. Bxg7 Kxg7 14. a3 Qe5 15. h4 Rfd8 16. Nd5 Bxd5 17. exd5 Qf4 18. Re1 Qxd2+ 19. Kxd2 Ng3 20. Rg1 Nxf1+ 21. Rgxf1 Rd7 22. Re4 Rc8 23. Rfe1 Rdc7 24. c3 Rc5 25. Rxe7 Rxd5+ 26. Kc2 Rc4 27. R1e4 Rxe4 28. fxe4 Re5 29. Rxb7 Rxe4 30. Rxa7 Rxh4 31. b4 Rh2+ 32. Kb3 h6 33. gxh6+ Rxh6 34. Ra5 f5 35. Rd5 f4 36. Rxd6 f3 0-1

[Event "IECG CN.2001.0.00267"]
[Site "IECG email"]
[Date "2001.10.28"]
[Round "?"]
[White "Sell, Tim"]
[Black "Torre, Leandro"]
[Result "1-0"]
[WhiteElo "800"]
[BlackElo "800"]
[PlyCount "73"]
[EventDate "2001.10.28"]
[EventType "tourn (corr)"]
[EventRounds "6"]
[SourceTitle "Corr 2008"]
[Source "ChessBase"]
[SourceDate "2008.06.24"]
[SourceVersion "1"]
[SourceVersionDate "2008.06.24"]
[SourceQuality "1"]

1. e4 d5 2. exd5 Nf6 3. c4 e6 4. dxe6 Bxe6 5. Nf3 Qe7 6. Qe2 Nc6 7. d4 Bf5 8. a3 Qxe2+ 9. Bxe2 Be7 10. d5 Na5 11. Nbd2 b6 12. Nd4 Bd7 13. b4 Nb7 14. 0-0 0-0 15. Bb2 a5 16. Bc3 Rfe8 17. Rfe1 b5 18. Nc6 axb4 19. Nxe7+ Rxe7 20. Bxb4 Ree8 21. Bc3 Ne4 22. Nxe4 Rxe4 23. cxb5 Nd6 24. Bb4 Rae8 25. Bxd6 cxd6 26. Kf1 Rxe2 27. Rxe2 Bxb5 28. Raa2 Kf8 29. a4 Bxe2+ 30. Rxe2 Ra8 31. Ra2 Ra5 32. Ke2 Rxd5 33. a5 Rc5 34. a6 Rc8 35. Kd3 Ra8 36. Kc4 Ke7 37. Kb5 1-0

[Event "IECG CN.2001.0.00267"]
[Site "IECG email"]
[Date "2001.10.28"]
[Round "?"]
[White "Venturas, Bob"]
[Black "Sell, Tim"]
[Result "0-1"]
[WhiteElo "531"]
[BlackElo "800"]
[PlyCount "74"]
[EventDate "2001.10.28"]
[EventType "tourn (corr)"]
[EventRounds "6"]
[SourceTitle "Corr 2008"]
[Source "ChessBase"]
[SourceDate "2008.06.24"]
[SourceVersion "1"]
[SourceVersionDate "2008.06.24"]
[SourceQuality "1"]

1. e4 c5 2. d4 cxd4 3. Qxd4 Nc6 4. Qd1 Nf6 5. Nc3 e5 6. a3 Bc5 7. Nf3 Ng4 8. Be3 Bxe3 9. fxe3 Nxe3 10. Qd2 Qb6 11. Bb5 Nd4 12. Bd3 Qxb2 13. Kf2 Ng4+ 14. Kg3 Nf6 15. Nxe5 Qxc3 16. Qxc3 Ne2+ 17. Kf2 Nxc3 18. Rhf1 d6 19. Nc4 Nfxe4+ 20. Kg1 0-0 21. a4 Re8 22. Rae1 Bd7 23. a5 Rac8 24. Nb2 Rc5 25. Nc4 d5 26. Ne3 Rxa5 27. h3 d4 28. Bxe4 Nxe4 29. Nd1 Ba4 30. Rf4 Bxc2 31. Nb2 Rae5 32. Nc4 R5e7 33. Rf3 Nd2 34. Rxe7 Nxf3+ 35. gxf3 Rxe7 36. Nd2 d3 37. Kf1 a5 0-1

[Event "IECG QN.2001.0.00194"]
[Site "IECG email"]
[Date "2001.09.13"]
[Round "?"]
[White "Tobey, Al E"]
[Black "Sell, Tim"]
[Result "0-1"]
[WhiteElo "562"]
[BlackElo "800"]
[PlyCount "60"]
[EventDate "2001.09.13"]
[EventType "tourn (corr)"]
[EventRounds "6"]
[SourceTitle "Corr 2008"]
[Source "ChessBase"]
[SourceDate "2008.06.24"]
[SourceVersion "1"]
[SourceVersionDate "2008.06.24"]
[SourceQuality "1"]

1. e4 c5 2. e5 Nc6 3. Nf3 Qc7 4. Be2 Nxe5 5. 0-0 Nxf3+ 6. Bxf3 e6 7. Nc3 d5 8. d4 Nf6 9. Re1 Bd6 10. Nb5 Bxh2+ 11. Kh1 Qb6 12. Be2 Bd7 13. dxc5 Qxc5 14. Be3 Qb4 15. Nc7+ Bxc7 16. Bd4 h5 17. a3 Qd6 18. g3 h4 19. Kg2 hxg3 20. Rh1 Rh2+ 21. Rxh2 gxh2 22. f3 Qg3+ 23. Kh1 Nh5 24. Qf1 Be5 25. Bf2 Bxb2 26. Rb1 Bxa3 27. f4 Qg6 28. Kxh2 Nxf4 29. Bf3 0-0-0 30. Bg3 Rh8+ 0-1